Кн. 1; Герои огненных лет. Очерки о москвичах-Героях Советского Союза

מידע ביבליוגרפי
Parent link:Герои огненных лет. Очерки о москвичах-Героях Советского Союза: в 6 кн./ Академия наук СССР (АН СССР), Институт истории СССР ; Институт военной истории ; Институт марксизма-ленинизма (ИМЛ). Кн. 1.— , 1975-1983
מחברים אחרים: Синицын А. М. Андрей Максимович (редактор)
שפה:רוסית
יצא לאור: 1975
נושאים:
פורמט: ספר
KOHA link:https://koha.lib.tpu.ru/cgi-bin/koha/opac-detail.pl?biblionumber=178217

MARC

LEADER 00000nam2a2200000 4500
001 178217
005 20231101223407.0
035 |a (RuTPU)RU\TPU\book\193216 
090 |a 178217 
100 |a 20100406d1975 m y0rusy5003 ca 
101 0 |a rus 
102 |a RU 
105 |a c z 000zy 
200 0 |a Кн. 1  |f отв. ред. М. Синицын 
210 |d 1975 
215 |d 21 см  |a 759 с.  |c ил. 
461 1 |0 (RuTPU)RU\TPU\book\116346  |t Герои огненных лет. Очерки о москвичах-Героях Советского Союза  |o в 6 кн.  |f Академия наук СССР (АН СССР), Институт истории СССР ; Институт военной истории ; Институт марксизма-ленинизма (ИМЛ)  |v Кн. 1  |d 1975-1983 
606 1 |a Герои Великой Отечественной войны 1941-1945  |2 stltpush  |3 (RuTPU)RU\TPU\subj\66794  |9 82828 
610 1 |a герои Советского Союза 
610 1 |a москвичи 
610 1 |a Москва 
610 1 |a Великая Отечественная война 1941-1945 
610 1 |a подвиги 
610 1 |a женщины-герои 
610 1 |a Советская Армия 
686 |a Т3(2)622,88  |v LBC/SL-A  |2 rubbk 
702 1 |a Синицын  |b А. М.  |g Андрей Максимович  |4 340 
801 0 |a RU  |b RuMRKP  |c 19950704  |g psbo 
801 1 |a RU  |b 63413507  |c 20100406 
801 2 |a RU  |b 63413507  |c 20170929  |g RCR 
942 |c BK